Realitné spoločnosti krajín SVE na vzostupe postupné zotavenie ekonomík sa prejavuje aj na trhu nehnuteľností
Objem investícií na európskych realitných trhoch. Vývoj trhu s nehnuteľnosťami. Akcie realitných spoločností krajín SVE a kurzy najdôležitejších realitných akcií. Analýza akciových trhov realitných spoločností z hľadiska ekonomického výhľadu.
Salvato in:
| Autore principale: | |
|---|---|
| Natura: | Capitolo di libro |
| Lingua: | slovacco |
| Soggetti: | |
| Tags: |
Nessun Tag, puoi essere il primo ad aggiungerne!!
|
MARC
| LEADER | 00000naa a2200000 4500 | ||
|---|---|---|---|
| 001 | 0122123 | ||
| 005 | 20231019091418.7 | ||
| 041 | 0 | |a slo | |
| 044 | |a SK | ||
| 245 | 1 | 0 | |a Realitné spoločnosti krajín SVE na vzostupe |b postupné zotavenie ekonomík sa prejavuje aj na trhu nehnuteľností |c Jaroslav Spiš |
| 520 | |a Objem investícií na európskych realitných trhoch. Vývoj trhu s nehnuteľnosťami. Akcie realitných spoločností krajín SVE a kurzy najdôležitejších realitných akcií. Analýza akciových trhov realitných spoločností z hľadiska ekonomického výhľadu. | ||
| 610 | 2 | 0 | |a SVE |
| 610 | 2 | 0 | |a Nemecko |
| 610 | 2 | 0 | |a Rakúsko |
| 610 | 2 | 0 | |a Veľká Británia |
| 610 | 2 | 0 | |a trh finančný |
| 610 | 2 | 0 | |a trh hypotekárny |
| 610 | 2 | 0 | |a investície |
| 610 | 2 | 0 | |a investori |
| 610 | 2 | 0 | |a ceny trhové |
| 610 | 2 | 0 | |a analýza trhu |
| 610 | 2 | 0 | |a portfólio |
| 610 | 2 | 0 | |a akcie |
| 100 | 1 | |a Spiš, Jaroslav | |